Trouve Les Pays d'Amérique Du Nord - Statistiques

Statistiques générales
  • Ce quiz a été pris 44 fois
  • Le résultat moyen est 5 sur 23
Réponses sur la Carte
Les réponses sont colorées sur une échelle allant du rouge au vert en fonction du pourcentage des utilisateurs qui les ont devinées à leur premier essai. Vous pouvez retrouver ces pourcentages ci-dessous.
 
Statistiques - réponses
Réponse % Correct
Antigua-et-Barbuda
45%
Bahamas
41%
Canada
34%
Barbade
31%
Bélize
31%
Costa Rica
31%
Cuba
31%
Dominique
31%
Grenade
31%
Guatemala
31%
Haïti
28%
Honduras
21%
Jamaïque
21%
Mexique
17%
Panama
17%
Rép. Dominicaine
17%
Nicaragua
14%
Saint-Christophe-et-Niévès
14%
Saint-Vincent-et-les-Grenadines
14%
U.S.A
7%
Sainte-Lucie
3%
Salvador
3%
Trinité-et-Tobago
0%
Aucun quiz correspondant
Distribution des résultats
% des personnes avec chaque résultat
Percentile par nombre de réponses
Votre historique - résultats
Vous n’avez pas pris ce quiz